| 000 -LEADER |
| fixed length control field |
00771nam a22002297a 4500 |
| 003 - CONTROL NUMBER IDENTIFIER |
| control field |
OSt |
| 005 - DATE AND TIME OF LATEST TRANSACTION |
| control field |
20260128082634.0 |
| 008 - FIXED-LENGTH DATA ELEMENTS--GENERAL INFORMATION |
| fixed length control field |
260128b ||||| |||| 00| 0 eng d |
| 020 ## - INTERNATIONAL STANDARD BOOK NUMBER |
| International Standard Book Number |
9789673054183 |
| 040 ## - CATALOGING SOURCE |
| Transcribing agency |
KH8 |
| 082 ## - DEWEY DECIMAL CLASSIFICATION NUMBER |
| Classification number |
551.302 ROS |
| 100 ## - MAIN ENTRY--PERSONAL NAME |
| Personal name |
Roslan Zainal Abidin, |
| Dates associated with a name |
1958- |
| Relator term |
author. |
| 245 ## - TITLE STATEMENT |
| Title |
Professorial lecture : |
| Remainder of title |
forecasting erosion induced landslide / |
| Statement of responsibility, etc. |
Roslan Zainal Abidin. |
| 260 ## - PUBLICATION, DISTRIBUTION, ETC. |
| Place of publication, distribution, etc. |
Selangor ; |
| Name of publisher, distributor, etc. |
Attin Press Sdn. Bhd. , |
| Date of publication, distribution, etc. |
2026. |
| 300 ## - PHYSICAL DESCRIPTION |
| Extent |
vii, 76 pages : |
| Other physical details |
colour illustrations, maps ; |
| Dimensions |
21 cm. |
| 490 ## - SERIES STATEMENT |
| Series statement |
Professorial lecture series |
| 500 ## - GENERAL NOTE |
| General note |
Includes bibliographical references (p. [69]-73) and index. |
| 650 20 - SUBJECT ADDED ENTRY--TOPICAL TERM |
| Topical term or geographic name entry element |
Soil erosion |
| Geographic subdivision |
Malaysia |
| 650 ## - SUBJECT ADDED ENTRY--TOPICAL TERM |
| Topical term or geographic name entry element |
Landslides |
| 830 ## - SERIES ADDED ENTRY--UNIFORM TITLE |
| Uniform title |
Professorial lecture series |
| 942 ## - ADDED ENTRY ELEMENTS (KOHA) |
| Source of classification or shelving scheme |
|
| Koha item type |
Books - Non Ficton |